000 00254nam a2200097Ia 4500
001 1223807
005 20250827092914.0
008 250824s9999 xx 000 0 und d
245 0 _aDÖNEN KÜRELER
_cYUSUF YILDIRIM/İKBAL YILDIRIM
260 _bMODEL ÇOCUK
999 _c1223807
_d1223807